| 000 | 00723nam a2200253 i 4500 | ||
|---|---|---|---|
| 001 | 6242 | ||
| 003 | ES-MaACL | ||
| 005 | 20240123190956.0 | ||
| 007 | t| | ||
| 008 | 890908s1985 mx ||||0| spa d | ||
| 020 | _a968-23-0173-4 | ||
| 080 | _a1 Freud | ||
| 080 | _a159.964.26 Freud | ||
| 100 | 1 |
_aRicoeur, Paul. _997042 |
|
| 245 | 1 | 0 |
_aFreud _b: una interpretacion de la cultura / _cPaul Ricoeur. |
| 250 | _a6a ed. | ||
| 260 |
_aMexico : _bSiglo XXI, _c1985. |
||
| 300 |
_aXI, 483 p. ; _c21 cm. |
||
| 490 | 1 | _aTeoría | |
| 600 | 1 | 4 |
_aFreud, Sigmund, _d1856-1939- _xCrítica e interpretación _952549 |
| 830 | 0 |
_aTeoría _9177535 |
|
| 852 |
_aES-MaACL _jL-13382 _bR.115943 _z. - rust. |
||
| 999 |
_c6242 _d6242 |
||